THE LITTLE BOOK OF DYSLEXIA: BOTH SIDES OF THE CLASSROOM (Record no. 216682)

MARC details
000 -LEADER
fixed length control field 00612nam a22001817a 4500
008 - FIXED-LENGTH DATA ELEMENTS--GENERAL INFORMATION
fixed length control field 260226b |||||||| |||| 00| 0 eng d
020 ## - INTERNATIONAL STANDARD BOOK NUMBER
International Standard Book Number 978-1-78135-010-2
050 ## - LIBRARY OF CONGRESS CALL NUMBER
Classification number LC 4708 .B 44 2013
100 ## - MAIN ENTRY--PERSONAL NAME
Personal name BEECH JOE
245 ## - TITLE STATEMENT
Title THE LITTLE BOOK OF DYSLEXIA: BOTH SIDES OF THE CLASSROOM
260 ## - PUBLICATION, DISTRIBUTION, ETC.
Place of publication, distribution, etc. CARMARTHEN, WALES,
Name of publisher, distributor, etc. INDEPENDENT THINKING PRESS,
Date of publication, distribution, etc. 2013,
300 ## - PHYSICAL DESCRIPTION
Extent iX, 151 P,
500 ## - GENERAL NOTE
General note INCLUDES BIBLIOGRAPHICAL REFERENCES
650 ## - SUBJECT ADDED ENTRY
Topical term or geographic name entry element 1. DYSLEXIA-STUDY AND TEACHING 2. LEARNING DISABILITIES-STUDY AND TEACHING
700 ## - ADDED ENTRY--PERSONAL NAME
Personal name EDITED BY IAN GILBERT
942 ## - ADDED ENTRY ELEMENTS (KOHA)
Source of classification or shelving scheme Library of Congress Classification
Koha item type Long Loan Book
Holdings
Withdrawn status Lost status Source of classification or shelving scheme Damaged status Not for loan Collection Home library Current library Shelving location Date acquired Inventory number Total checkouts Full call number Barcode Date last seen Copy number Price effective from Koha item type
    Library of Congress Classification     Arts & Social Sciences Kisii University Library Kisii University Library On Display 02/26/2026 111070   LC 4708 .B 44 2013 000000018129 02/26/2026 1 02/26/2026 Long Loan Book
    Library of Congress Classification     Arts & Social Sciences Kisii University Library Kisii University Library On Display 02/26/2026 111071   LC 4708 .B 44 2013 000000020600 02/26/2026 2 02/26/2026 Long Loan Book
    Library of Congress Classification     Arts & Social Sciences Kisii University Library Kisii University Library On Display 02/26/2026 111072   LC 4708 .B 44 2013 000000017432 02/26/2026 3 02/26/2026 Long Loan Book
    Library of Congress Classification     Arts & Social Sciences Kisii University Library Kisii University Library On Display 02/26/2026 111073   LC 4708 .B 44 2013 000000017438 02/26/2026 4 02/26/2026 Long Loan Book
    Library of Congress Classification     Arts & Social Sciences Kisii University Library Kisii University Library On Display 02/26/2026 111074   LC 4708 .B 44 2013 000000017426 02/26/2026 5 02/26/2026 Long Loan Book